Statistics for States on a Soda Can

Click here to take the quiz!

General Stats

  • This quiz has been taken 15 times
  • The average score is 7 of 11

Answer Stats

State% Correct
California
92%
Maine
85%
New York
85%
Hawaii
69%
Oregon
69%
Vermont
69%
Massachussetts
62%
West Virginia
62%
Michigan
54%
Connecticut
38%
Iowa
38%

Score Distribution

Percentile by Number Answered

Percent of People with Each Score

Your Score History

You have not taken this quiz